LEADER 01253cam0-2200337---450- 001 990005808180403321 005 20131211134407.0 010 $a84-920305-0-X 035 $a000580818 035 $aFED01000580818 035 $a(Aleph)000580818FED01 035 $a000580818 100 $a19990604d1994----km-y0itay50------ba 101 0 $aspa 102 $aES 105 $a--------101yy 200 1 $aActas del III congreso de la Asociación hispánica de literatura medieval$e(Salamanca, 3 al 6 de octubre 1989)$fedición al cuidado de Maria Isabel Toro Pascua 210 $aSalamanca$cBiblioteca Española del Siglo XV, Departemento de literatura española e hispanoamericana$d1994 215 $a2 v.$d25 cm 610 0 $aLetteratura spagnola$aMedioevo$aCongressi$aSalamanca$a1989 676 $a860.9002 702 1$aToro Pascua,$bMaria Isabel 710 02$aAsociación Hispánica de Literatura Medieval$0387053 801 0$aIT$bUNINA$gRICA$2UNIMARC 901 $aBK 912 $a990005808180403321 952 $a860.9002 TOR 1(1)$bDip.f.m.7155/A$fFLFBC 952 $a860.9002 TOR 1(2)$bDip.f.m.7155/B$fFLFBC 959 $aFLFBC 996 $aActas del III congreso de la Asociación hispánica de literatura medieval$9568587 997 $aUNINA LEADER 01012nam--2200337---450- 001 990002464260203316 005 20081209105120.0 010 $a88-1325363-X 035 $a000246426 035 $aUSA01000246426 035 $a(ALEPH)000246426USA01 035 $a000246426 100 $a20050901d2004----km-y0itay0103----ba 101 $aita 102 $aIT 105 $a||||||||001yy 200 1 $aEnte locale e cittadino$emodelli ed esperienze per la gestione interattiva della relazione$fAndrea Margheri 210 $aPadova$cCEDAM$dcopyr. 2004 215 $aXVI, 270 p.$d24 cm 606 0 $aEnti locali$xGestione 676 $a352.14 700 1$aMARGHERI,$bAndrea$0249862 801 0$aIT$bsalbc$gISBD 912 $a990002464260203316 951 $a352.14 MAR 1 (IRA 6 869)$b13137 E.C.$cIRA 6$d00128800 959 $aBK 969 $aECO 979 $aMARIASEN$b90$c20050901$lUSA01$h1432 979 $aRSIAV2$b90$c20081209$lUSA01$h1051 996 $aEnte locale e cittadino$91059441 997 $aUNISA LEADER 01024nam--2200373---450- 001 990002886090203316 005 20090601105422.0 010 $a978-0-19-876388-8 035 $a000288609 035 $aUSA01000288609 035 $a(ALEPH)000288609USA01 035 $a000288609 100 $a20070322d1995----km-y0itay50------ba 101 $aeng 102 $aGB 105 $a||||||||001yy 200 1 $aAbout law$ean introduction$fTony Honoré 210 $aOxford$cClarendon press$dcopyr. 1995 215 $a112 p.$d21 cm 410 0$12001 454 1$12001 461 1$1001-------$12001 606 0 $aDiritto$xFilosofia 676 $a349.41 700 1$aHONORÉ,$bTony$0412774 801 0$aIT$bsalbc$gISBD 912 $a990002886090203316 951 $aXXII.1.C 565 (IG XIX 632)$b54300 G.$cXXII.1.C 565 (IG XIX)$d00123471 959 $aBK 969 $aGIU 979 $aFIORELLA$b90$c20070322$lUSA01$h1535 979 $aRSIAV5$b90$c20090601$lUSA01$h1054 996 $aAbout law$9989683 997 $aUNISA